000
00313nam a22001337a 4500
008
170505b xxu||||| |||| 00| 0 eng d
020
_a
9780314037183
041
_a
eng
080
_2
3RD
_a
34
100
_a
15
101
_a
SHJ
245
_a
MODERN CONSTITUTIONAL THEORY: A READER
_c
GARVEY, J.H
942
_2
udc
_c
BK
999
_c
12771
_d
12771